<?xml version="1.0" encoding="UTF-8"?>
<record
    xmlns:xsi="http://www.w3.org/2001/XMLSchema-instance"
    xsi:schemaLocation="http://www.loc.gov/MARC21/slim http://www.loc.gov/standards/marcxml/schema/MARC21slim.xsd"
    xmlns="http://www.loc.gov/MARC21/slim">

  <leader>00447nam a22001577a 4500</leader>
  <datafield tag="999" ind1=" " ind2=" ">
    <subfield code="c">90756</subfield>
    <subfield code="d">90756</subfield>
  </datafield>
  <controlfield tag="005">20190828084540.0</controlfield>
  <controlfield tag="008">150415b        mx ||||| |||| 00| 0 spa d</controlfield>
  <datafield tag="050" ind1="0" ind2="4">
    <subfield code="a">QC173.98</subfield>
    <subfield code="b">R93 1972</subfield>
  </datafield>
  <datafield tag="100" ind1="1" ind2=" ">
    <subfield code="a">Rydnik, Vitali</subfield>
  </datafield>
  <datafield tag="245" ind1="1" ind2="0">
    <subfield code="a">El ABC de la mec&#xE1;nica cu&#xE1;ntica </subfield>
    <subfield code="c">/ Vitali Rydnik.</subfield>
  </datafield>
  <datafield tag="250" ind1=" " ind2=" ">
    <subfield code="a">1a ed.</subfield>
  </datafield>
  <datafield tag="260" ind1=" " ind2=" ">
    <subfield code="a">M&#xE9;xico :</subfield>
    <subfield code="b">Cultura Popular, </subfield>
    <subfield code="c">c1972</subfield>
  </datafield>
  <datafield tag="300" ind1=" " ind2=" ">
    <subfield code="a">314 p. :</subfield>
    <subfield code="b">il. ;</subfield>
    <subfield code="c">17 cm.</subfield>
  </datafield>
  <datafield tag="650" ind1=" " ind2="7">
    <subfield code="2">Lemb</subfield>
    <subfield code="a">Teor&#xED;a cu&#xE1;ntica</subfield>
  </datafield>
  <datafield tag="942" ind1=" " ind2=" ">
    <subfield code="2">lcc</subfield>
    <subfield code="c">LIB</subfield>
  </datafield>
  <datafield tag="952" ind1=" " ind2=" ">
    <subfield code="1">0</subfield>
    <subfield code="2">lcc</subfield>
    <subfield code="4">0</subfield>
    <subfield code="7">0</subfield>
    <subfield code="a">LIC-024</subfield>
    <subfield code="b">LIC-024</subfield>
    <subfield code="c">GENERAL</subfield>
    <subfield code="d">2015-04-15</subfield>
    <subfield code="e">DON</subfield>
    <subfield code="f">1a ed.</subfield>
    <subfield code="i">IA</subfield>
    <subfield code="k">IT</subfield>
    <subfield code="o">QC173.98 R93 1972 C:1</subfield>
    <subfield code="p">FFM000010496</subfield>
    <subfield code="r">2015-04-15 00:00:00</subfield>
    <subfield code="t">C:1</subfield>
    <subfield code="y">LIB</subfield>
    <subfield code="z">Lectura</subfield>
  </datafield>
  <datafield tag="952" ind1=" " ind2=" ">
    <subfield code="1">0</subfield>
    <subfield code="2">lcc</subfield>
    <subfield code="4">0</subfield>
    <subfield code="7">0</subfield>
    <subfield code="a">LIC-024</subfield>
    <subfield code="b">LIC-024</subfield>
    <subfield code="c">GENERAL</subfield>
    <subfield code="d">2015-04-15</subfield>
    <subfield code="e">DON</subfield>
    <subfield code="f">1a ed.</subfield>
    <subfield code="i">IA</subfield>
    <subfield code="k">IT</subfield>
    <subfield code="o">QC173.98 R93 1972 C:2</subfield>
    <subfield code="p">FFM000010497</subfield>
    <subfield code="r">2015-04-15 00:00:00</subfield>
    <subfield code="t">C:2</subfield>
    <subfield code="y">LIB</subfield>
    <subfield code="z">Prestamo</subfield>
  </datafield>
  <datafield tag="952" ind1=" " ind2=" ">
    <subfield code="1">0</subfield>
    <subfield code="2">lcc</subfield>
    <subfield code="4">0</subfield>
    <subfield code="7">0</subfield>
    <subfield code="a">LIC-025</subfield>
    <subfield code="b">LIC-025</subfield>
    <subfield code="c">GENERAL</subfield>
    <subfield code="d">2019-08-28</subfield>
    <subfield code="e">UA</subfield>
    <subfield code="f">1a ed.</subfield>
    <subfield code="k">CSA</subfield>
    <subfield code="o">QC173.98 R93 1972</subfield>
    <subfield code="p">BIE000007439</subfield>
    <subfield code="r">2019-08-28 00:00:00</subfield>
    <subfield code="t">C:1</subfield>
    <subfield code="v">1.00</subfield>
    <subfield code="y">LIB</subfield>
    <subfield code="z">1a reimp. 1978</subfield>
  </datafield>
  <datafield tag="952" ind1=" " ind2=" ">
    <subfield code="1">0</subfield>
    <subfield code="2">lcc</subfield>
    <subfield code="4">0</subfield>
    <subfield code="7">0</subfield>
    <subfield code="a">BACH-006</subfield>
    <subfield code="b">BACH-006</subfield>
    <subfield code="c">GENERAL</subfield>
    <subfield code="d">2020-02-11</subfield>
    <subfield code="f">1a ed.</subfield>
    <subfield code="i">NMS</subfield>
    <subfield code="k">IT</subfield>
    <subfield code="o">QC173.98 R93 1972</subfield>
    <subfield code="p">PIA000005645</subfield>
    <subfield code="r">2020-02-11 00:00:00</subfield>
    <subfield code="t">C:2</subfield>
    <subfield code="v">1.00</subfield>
    <subfield code="y">LIB</subfield>
  </datafield>
  <datafield tag="952" ind1=" " ind2=" ">
    <subfield code="1">0</subfield>
    <subfield code="2">lcc</subfield>
    <subfield code="4">0</subfield>
    <subfield code="7">0</subfield>
    <subfield code="a">BACH-006</subfield>
    <subfield code="b">BACH-006</subfield>
    <subfield code="c">GENERAL</subfield>
    <subfield code="d">2020-02-11</subfield>
    <subfield code="f">1a ed.</subfield>
    <subfield code="i">NMS</subfield>
    <subfield code="k">IT</subfield>
    <subfield code="o">QC173.98 R93 1972</subfield>
    <subfield code="p">PIA000005646</subfield>
    <subfield code="r">2020-02-11 00:00:00</subfield>
    <subfield code="t">C:1</subfield>
    <subfield code="v">1.00</subfield>
    <subfield code="y">LIB</subfield>
  </datafield>
  <datafield tag="952" ind1=" " ind2=" ">
    <subfield code="1">0</subfield>
    <subfield code="2">lcc</subfield>
    <subfield code="4">0</subfield>
    <subfield code="7">0</subfield>
    <subfield code="a">BACH-006</subfield>
    <subfield code="b">BACH-006</subfield>
    <subfield code="c">GENERAL</subfield>
    <subfield code="d">2020-02-11</subfield>
    <subfield code="f">1a ed.</subfield>
    <subfield code="i">NMS</subfield>
    <subfield code="k">IT</subfield>
    <subfield code="o">QC173.98 R93 1978</subfield>
    <subfield code="p">PIA000005647</subfield>
    <subfield code="r">2020-02-11 00:00:00</subfield>
    <subfield code="t">C:1</subfield>
    <subfield code="v">1.00</subfield>
    <subfield code="y">LIB</subfield>
  </datafield>
  <datafield tag="952" ind1=" " ind2=" ">
    <subfield code="1">0</subfield>
    <subfield code="2">lcc</subfield>
    <subfield code="4">0</subfield>
    <subfield code="7">0</subfield>
    <subfield code="a">BACH-006</subfield>
    <subfield code="b">BACH-006</subfield>
    <subfield code="c">GENERAL</subfield>
    <subfield code="d">2020-02-11</subfield>
    <subfield code="f">1a ed.</subfield>
    <subfield code="i">NMS</subfield>
    <subfield code="k">IT</subfield>
    <subfield code="o">QC173.98 R93 1978</subfield>
    <subfield code="p">PIA000005648</subfield>
    <subfield code="r">2020-02-11 00:00:00</subfield>
    <subfield code="t">C:2</subfield>
    <subfield code="v">1.00</subfield>
    <subfield code="y">LIB</subfield>
  </datafield>
</record>
